000 01205nas a2200361 4500
001 BR2014002172
003 BR-BrBNA
005 20231205123855.0
007 ta
008 230509b bl.|||p| |||| 00| 00por d
040 _aBR-BrBNA
_bpor
_cBiblioteca Nacional de Agricultura
041 _a(Pt)
072 _aL51; L02
100 1 _aAlves, A.F.
100 1 _aZervoudakis, J.T.
100 1 _aZervoudakis, L.K.H.
100 1 _aCabral, L. da S.
100 1 _aLeonel, F. de P.
100 1 _aPaula, N.F. de
245 1 _aSubstituição do farelo de soja por farelo de algodão de alta energia em dietas para vacas leiteiras em produção: consumo, digestibilidade dos nutrientes, balanço de nitrogênio e produção leiteira
650 _aGADO LEITEIRO
650 _aDIETA
650 _aDIGESTIBILIDADE
650 _aFARELO
650 _aSOJA
650 _aALGODÃO
650 _aVALOR NUTRITIVO
650 _aANÁLISE QUÍMICA
773 0 _tRevista Brasileira de Zootecnia (Brazil)
_xISSN 1806-9290
_g(Mar 2010), v. 39(3) p. 532-540
_wBR2014002172
856 4 0 _uhttp://www.scielo.br/pdf/rbz/v39n3/a12v39n3.pdf
909 _a202311
_bLúcia
_c55
_dLúcia Elande
942 _2AGRIS
_n0
_cANA
999 _c236135
_d236135